00570cam a22002291 4500001001300000003000400013005001700017008004100034010001700075025001900092035002000111040002100131042001200152050002300164100003700187245003100224260001100255300001800266500001600284700002300300999001700323sa 67006345 DLC20260227112406.0940805s1966 ii 000 0 pano  asa 67006345  aPL480:I-Pu-874 a(OCoLC)30890890 aDLCcCUdCUdDLC apremarc00aPK2659.G6bZ5 19660 aGobind Singh,cGuru,d1666-1708.10aSrī bacittra nāṭaka. c[1966] a96 p.c25 cm. aIn Panjabi.1 aSiṅgha, Bishana. c75878d75878